[Event "BCF-chT2d 1415 (4NCL) Demotion pool"]
[Site "England"]
[Date "2015.05.02"]
[Round "9"]
[White "Bellin, Christopher J"]
[Black "Duncan, Patrick"]
[Result "1/2-1/2"]
[WhiteElo "2029"]
[BlackElo "2013"]
[PlyCount "84"]
[EventDate "2015.03.29"]
[EventType "team-tourn"]
[EventRounds "11"]
[EventCountry "ENG"]
[SourceTitle "EXT 2023"]
[Source "ChessBase"]
[SourceDate "2022.10.05"]
[SourceVersion "1"]
[SourceVersionDate "2022.10.05"]
[SourceQuality "1"]
[WhiteTeam "Wessex"]
[BlackTeam "Brown Jack Witney"]
[WhiteTeamCountry "ENG"]
[BlackTeamCountry "ENG"]

1. c4 Nf6 2. g3 c6 3. Bg2 d5 4. Nf3 dxc4 5. 0-0 g6 6. Na3 Bg7 7. Nxc4 0-0 8. d3 Nbd7 9. Bd2 Ne8 10. Bc3 Ndf6 11. a4 Nd6 12. Ncd2 Nd5 13. Bxg7 Kxg7 14. e4 Nb4 15. Qb3 a5 16. d4 Be6 17. Qc3 f6 18. Rfe1 Qd7 19. b3 Rad8 20. Nc4 Nxc4 21. bxc4 Bg4 22. Rad1 c5 23. d5 Qxa4 24. e5 Qc2 25. exf6+ exf6 26. Re7+ Rf7 27. Rxf7+ Kxf7 28. Qxc2 Nxc2 29. h3 Bxf3 30. Bxf3 b6 31. Rd2 Nd4 32. Bd1 Ra8 33. Rb2 Ra6 34. Ba4 Ke7 35. Rb1 Kd6 36. Kg2 Ke7 37. Re1+ Kd6 38. Re8 Ra7 39. Rd8+ Ke5 40. Re8+ Kd6 41. Rd8+ Ke5 42. Re8+ Kd6 1/2-1/2

[Event "BCF-chT1c 0910 (4NCL) Promotion pool"]
[Site "England"]
[Date "2010.05.03"]
[Round "11.8"]
[White "Bellin, Christopher J"]
[Black "Tjoelsen, Katrine"]
[Result "0-1"]
[WhiteElo "1922"]
[BlackElo "2212"]
[PlyCount "106"]
[EventDate "2009.10.24"]
[EventType "team-tourn"]
[EventRounds "4"]
[EventCountry "ENG"]
[SourceTitle "EXT 2011"]
[Source "ChessBase"]
[SourceDate "2010.11.26"]
[SourceVersion "1"]
[SourceVersionDate "2010.11.26"]
[SourceQuality "1"]
[WhiteTeam "The ADS"]
[BlackTeam "Wood Green Hilsmark Kingfisher II"]
[WhiteTeamCountry "ENG"]
[BlackTeamCountry "ENG"]

1. e4 c5 2. Nf3 Nc6 3. d4 cxd4 4. Nxd4 Nf6 5. Nc3 e5 6. Ndb5 d6 7. Bg5 a6 8. Na3 b5 9. Nd5 Be7 10. Bxf6 Bxf6 11. c3 Bg5 12. h4 Bh6 13. g4 Bf4 14. Qf3 Be6 15. Rd1 Bxd5 16. Rxd5 Ne7 17. Rd1 Qb6 18. Be2 0-0 19. 0-0 Rad8 20. Nc2 d5 21. exd5 Qh6 22. Kg2 f5 23. Qh3 fxg4 24. Bxg4 Qg6 25. d6 Nc6 26. Kh1 Qxc2 27. Bd7 Nb8 28. Be6+ Kh8 29. Qg4 Qe4+ 30. f3 Qe2 31. Qh3 Rf6 32. Bb3 Nd7 33. Rg1 e4 34. fxe4 Qxe4+ 35. Rg2 Rxd6 36. Rxd6 Bxd6 37. Bc2 Qe1+ 38. Rg1 Qd2 39. Rd1 Qf4 40. Rf1 Qe5 41. Rf5 Qe7 42. Qd3 Qxh4+ 43. Kg2 Nf6 44. Re5 Qh2+ 45. Kxh2 Bxe5+ 46. Kg2 Rxd3 47. Bxd3 Nd5 48. Be4 Ne3+ 49. Kf3 Nc4 50. Bb7 a5 51. b3 Nd6 52. Bc6 Bxc3 53. Kf4 g6 0-1

[Event "BCF-chT1c 0910 (4NCL) Promotion pool"]
[Site "England"]
[Date "2010.05.01"]
[Round "9.8"]
[White "Bellin, Christopher J"]
[Black "Fidalgo Fernandez, Lucia"]
[Result "1/2-1/2"]
[WhiteElo "1922"]
[BlackElo "2150"]
[PlyCount "81"]
[EventDate "2009.10.24"]
[EventType "team-tourn"]
[EventRounds "4"]
[EventCountry "ENG"]
[SourceTitle "EXT 2011"]
[Source "ChessBase"]
[SourceDate "2010.11.26"]
[SourceVersion "1"]
[SourceVersionDate "2010.11.26"]
[SourceQuality "1"]
[WhiteTeam "The ADS"]
[BlackTeam "White Rose"]
[WhiteTeamCountry "ENG"]
[BlackTeamCountry "ENG"]

1. e4 c5 2. Nf3 a6 3. c3 g6 4. d4 cxd4 5. cxd4 d5 6. exd5 Nf6 7. Nc3 Bg7 8. Bc4 b5 9. Bb3 Bb7 10. 0-0 0-0 11. Re1 b4 12. Na4 Bxd5 13. Ne5 Ra7 14. Bd2 Rb7 15. Nc5 Rb5 16. Ba4 Rb6 17. Qe2 a5 18. Be3 Nc6 19. Rac1 Nb8 20. Red1 h6 21. Qd2 Kh7 22. Nc4 Bxc4 23. Rxc4 Nd5 24. Rdc1 e6 25. Nb3 Rb7 26. Rc5 Ra7 27. Bf4 Nd7 28. Bxd7 Qxd7 29. Rxa5 Rxa5 30. Nxa5 Ra8 31. Nb3 Rxa2 32. Nc5 Qa7 33. Be5 Ra1 34. h3 Qa2 35. Kh2 Rxc1 36. Qxc1 Qa7 37. Bxg7 Kxg7 38. Qc4 Qc7+ 39. Kg1 Qf4 40. Nd3 Qd2 41. g3 1/2-1/2

[Event "BCF-chT1c 0910 (4NCL) Promotion pool"]
[Site "England"]
[Date "2010.03.28"]
[Round "8.7"]
[White "Bellin, Christopher J"]
[Black "Rogers, Jonathan"]
[Result "1/2-1/2"]
[WhiteElo "1922"]
[BlackElo "2329"]
[PlyCount "67"]
[EventDate "2009.10.24"]
[EventType "team-tourn"]
[EventRounds "4"]
[EventCountry "ENG"]
[SourceTitle "EXT 2011"]
[Source "ChessBase"]
[SourceDate "2010.11.26"]
[SourceVersion "1"]
[SourceVersionDate "2010.11.26"]
[SourceQuality "1"]
[WhiteTeam "The ADS"]
[BlackTeam "Barbican"]
[WhiteTeamCountry "ENG"]
[BlackTeamCountry "ENG"]

1. e4 c5 2. Nf3 Nc6 3. d4 cxd4 4. Nxd4 d5 5. Bb5 dxe4 6. Nxc6 Qxd1+ 7. Kxd1 a6 8. Ba4 Bd7 9. Nc3 bxc6 10. Nxe4 0-0-0 11. Ke2 e5 12. Be3 Nf6 13. Nxf6 gxf6 14. Bb6 Re8 15. Rhd1 Re6 16. Bb3 Be7 17. Bc4 Be8 18. Bxa6+ Kb8 19. Bc4 c5 20. Bxe6 fxe6 21. a4 Bc6 22. Rd3 Kb7 23. Ba5 c4 24. Rg3 Bc5 25. Rg7+ Ka6 26. Bc3 Bd4 27. Bxd4 exd4 28. b4 Be4 29. Rc1 Rb8 30. b5+ Ka5 31. c3 dxc3 32. Rxc3 Kb4 33. Re3 Bd5 34. Ra7 1/2-1/2

[Event "BCF-chT2b 0809 (4NCL)"]
[Site "Hinckley Island"]
[Date "2009.03.21"]
[Round "7.8"]
[White "Bellin, Christopher J"]
[Black "Kendall, Paul SN"]
[Result "1/2-1/2"]
[WhiteElo "1980"]
[BlackElo "2063"]
[PlyCount "41"]
[EventDate "2008.10.04"]
[EventType "team-tourn"]
[EventRounds "7"]
[EventCountry "ENG"]
[SourceTitle "EXT 2010"]
[Source "ChessBase"]
[SourceDate "2010.11.25"]
[SourceVersion "1"]
[SourceVersionDate "2010.11.25"]
[SourceQuality "1"]
[WhiteTeam "CHEDP"]
[BlackTeam "FCA Solutions"]
[WhiteTeamCountry "ENG"]
[BlackTeamCountry "ENG"]

1. e4 e5 2. Nf3 Nc6 3. Bc4 Nf6 4. Ng5 d5 5. exd5 b5 6. Bxb5 Qxd5 7. Nc3 Qxg2 8. Qf3 Qxf3 9. Nxf3 Bd7 10. d3 Bd6 11. Rg1 a6 12. Ba4 Kf8 13. Bg5 Nh5 14. 0-0-0 Be8 15. Bb3 f6 16. Be3 Na5 17. Bd5 c6 18. Be4 Rb8 19. Na4 Nf4 20. Rd2 g6 21. Bxf4 1/2-1/2